| Tag |
First Indicator |
Second Indicator |
Subfields |
| LEADER |
00000cam a2200000 4500 |
| 001 |
in00000056423 |
| 005 |
20151007081939.0 |
| 008 |
731210s1870 eng u |
| 010 |
|
|
|a 01023419
|
| 035 |
|
|
|a (OCoLC)00757653
|
| 035 |
|
|
|9 AAF7144AM
|
| 040 |
|
|
|c KSU
|d TXA
|d UtOrBLW
|
| 049 |
|
|
|a TXAM
|v 1 [315699]
|v 2 [315700]
|
| 050 |
0 |
0 |
|a E517
|b .L49
|
| 092 |
|
|
|a 287
|b L495m
|
| 100 |
1 |
|
|a Leftwich, W. M.
|q (William M.)
|
| 245 |
1 |
0 |
|a Martyrdom in Missouri ;
|b a history of religious proscription, the seizure of churches, and the persecution of ministers of the gospel, in the state of Missouri during the late civil war, and under the "test oath" of the new constitution /
|c By Rev. W. M. Leftwich.
|
| 264 |
|
1 |
|a Saint Louis :
|b S. W. book & pub. co.,
|c 1870.
|
| 300 |
|
|
|a 2 volumes ;
|c 19 cm.
|
| 336 |
|
|
|a text
|b txt
|2 rdacontent
|
| 337 |
|
|
|a unmediated
|b n
|2 rdamedia
|
| 338 |
|
|
|a volume
|b nc
|2 rdacarrier
|
| 650 |
2 |
0 |
|a Methodist Church
|z Missouri.
|
| 651 |
|
0 |
|a Missouri
|x Church history.
|
| 651 |
|
0 |
|a Missouri
|x History
|y Civil War, 1861-1865.
|
| 999 |
|
|
|a MARS
|
| 999 |
f |
f |
|s d75ac693-b4df-3c2b-81a5-1a05f6c118ab
|i d65d56da-d68b-307c-8531-250883c99968
|t 0
|
| 952 |
f |
f |
|p normal
|a Texas A&M University
|b College Station
|c Sterling C. Evans Library
|d Evans: Library Stacks
|t 0
|e E517 L49
|h Library of Congress classification
|i unmediated -- volume
|k v.2
|m A14800625263
|
| 952 |
f |
f |
|p normal
|a Texas A&M University
|b College Station
|c Sterling C. Evans Library
|d Evans: Library Stacks
|t 0
|e E517 L49
|h Library of Congress classification
|i unmediated -- volume
|k v.1
|m A14800625255
|
| 998 |
f |
f |
|a E517 L49
|s v.1-v.2
|t 0
|l Evans: Library Stacks
|